[Event "Rhein Main op-A 17th"]
[Site "Bad Homburg"]
[Date "2014.06.19"]
[Round "2"]
[White "Anders, Eric"]
[Black "Schlemminger, Degenhard"]
[Result "1-0"]
[WhiteElo "1913"]
[BlackElo "1683"]
[PlyCount "77"]
[EventDate "2014.06.18"]
[EventType "swiss"]
[EventRounds "7"]
[EventCountry "GER"]
[SourceTitle "CBM 161 Extra"]
[Source "ChessBase"]
[SourceDate "2014.08.29"]
[SourceVersion "1"]
[SourceVersionDate "2014.08.29"]
[SourceQuality "1"]

1. e4 e6 2. d4 d5 3. Nc3 dxe4 4. Nxe4 Nc6 5. Nf3 Be7 6. c3 Nf6 7. Bd3 Nxe4 8. Bxe4 h6 9. Bf4 Bd6 10. Ne5 Nxe5 11. dxe5 Be7 12. Qg4 Bg5 13. Rd1 Qe7 14. Bg3 h5 15. Qf3 Rb8 16. h4 Bh6 17. 0-0 g6 18. Qd3 0-0 19. Qd4 b6 20. Qa4 a5 21. Rd4 Rd8 22. Rfd1 Rxd4 23. Rxd4 Bf8 24. Bf3 Ba6 25. Rd7 Qe8 26. Bc6 Qc8 27. Qf4 f5 28. exf6 Bb7 29. Qe4 Qe8 30. f7+ Qxf7 31. Rxf7 Kxf7 32. Bxb7 Bd6 33. Bc6 Rd8 34. Bf4 Be7 35. Bg5 Rd1+ 36. Kh2 Bd6+ 37. g3 Ra1 38. Qf3+ Kg8 39. Be8 1-0

[Event "Hofheim Spring op-A 2nd"]
[Site "Hofheim"]
[Date "2014.04.26"]
[Round "8"]
[White "Cichy, Michael"]
[Black "Anders, Eric"]
[Result "0-1"]
[WhiteElo "1982"]
[BlackElo "1889"]
[PlyCount "60"]
[EventDate "2014.04.22"]
[EventType "swiss"]
[EventRounds "9"]
[EventCountry "GER"]
[SourceTitle "CBM 160 Extra"]
[Source "ChessBase"]
[SourceDate "2014.07.01"]
[SourceVersion "1"]
[SourceVersionDate "2014.07.01"]
[SourceQuality "1"]

1. d4 Nf6 2. Nf3 g6 3. c4 Bg7 4. Nc3 d6 5. e4 0-0 6. Be2 e5 7. 0-0 Nc6 8. d5 Ne7 9. b4 Nh5 10. Re1 f5 11. Ng5 Nf6 12. Bf3 f4 13. c5 h6 14. Ne6 Bxe6 15. dxe6 Ne8 16. cxd6 Nxd6 17. Qb3 Kh7 18. Bb2 Nc6 19. Nd5 a6 20. Rad1 Re8 21. Rd3 Rc8 22. Bg4 Qh4 23. h3 h5 24. g3 fxg3 25. fxg3 Qd8 26. e7 Nxe7 27. Bxc8 Qxc8 28. Kg2 Nc6 29. Rf3 Qd8 30. Rf7 Nxf7 0-1

[Event "Hofheim Spring op-A 2nd"]
[Site "Hofheim"]
[Date "2014.04.23"]
[Round "3"]
[White "Mager, Denis"]
[Black "Anders, Eric"]
[Result "1-0"]
[WhiteElo "2120"]
[BlackElo "1889"]
[PlyCount "79"]
[EventDate "2014.04.22"]
[EventType "swiss"]
[EventRounds "9"]
[EventCountry "GER"]
[SourceTitle "CBM 160 Extra"]
[Source "ChessBase"]
[SourceDate "2014.07.01"]
[SourceVersion "1"]
[SourceVersionDate "2014.07.01"]
[SourceQuality "1"]

1. c4 Nf6 2. Nc3 g6 3. d4 Bg7 4. e4 d6 5. Be2 0-0 6. g4 e5 7. d5 a5 8. Be3 Na6 9. g5 Nd7 10. h4 Nac5 11. Qd2 b6 12. 0-0-0 a4 13. h5 a3 14. b3 Na6 15. f3 Bb7 16. Bf1 Qb8 17. Qh2 Ndc5 18. hxg6 fxg6 19. Qxh7+ Kf7 20. Rh6 Rh8 21. Qxg6+ Kg8 22. Rd2 Qe8 23. Rxh8+ Kxh8 24. Rh2+ Kg8 25. Qxe8+ Rxe8 26. Nb5 Re7 27. Nxa3 Rf7 28. Nb5 Nxe4 29. Bh3 Nec5 30. Kd2 Re7 31. Ne2 Nb4 32. Bxc5 bxc5 33. a3 Nxd5 34. cxd5 Bxd5 35. Ng3 Rf7 36. Nf5 Bxb3 37. g6 Rd7 38. Nfd4 Bh6+ 39. Ke1 exd4 40. Bxd7 1-0

[Event "Karl Mala Memorial op-A 16th"]
[Site "Frankfurt"]
[Date "2013.07.13"]
[Round "4"]
[White "Wachsmann, Dietmar"]
[Black "Anders, Eric"]
[Result "1/2-1/2"]
[WhiteElo "1710"]
[BlackElo "1859"]
[PlyCount "81"]
[EventDate "2013.07.11"]
[EventType "swiss"]
[EventRounds "7"]
[EventCountry "GER"]
[SourceTitle "EXT 2014"]
[Source "ChessBase"]
[SourceDate "2013.11.20"]
[SourceVersion "1"]
[SourceVersionDate "2013.11.20"]
[SourceQuality "1"]

1. e4 d6 2. d4 Nf6 3. Bd3 g6 4. Ne2 e5 5. 0-0 Nc6 6. c3 Bg7 7. f4 0-0 8. Nd2 Bg4 9. d5 Ne7 10. Nf3 Nd7 11. h3 Bxf3 12. Rxf3 f5 13. c4 a5 14. Qc2 Nc5 15. Be3 Qd7 16. Bxc5 dxc5 17. Raf1 fxe4 18. Bxe4 Rae8 19. Ng3 exf4 20. Rxf4 Bd4+ 21. Kh1 Rxf4 22. Rxf4 Rf8 23. Rxf8+ Kxf8 24. Qb3 b6 25. Qf3+ Kg8 26. b3 Qd6 27. Ne2 Be5 28. Qg4 Kg7 29. Nc1 Qf6 30. Qf3 Qg5 31. Nd3 Bd6 32. Qf2 Ng8 33. Qe1 Nf6 34. Bf3 Qf5 35. Qe2 Nd7 36. Bg4 Qf7 37. Be6 Qe7 38. Qb2+ Nf6 39. Ne5 Bxe5 40. Qxe5 Qd6 41. Qe3 1/2-1/2

[Event "Rheinhessen-ch U16/U18"]
[Site "Heidesheim"]
[Date "2013.01.06"]
[Round "6.1"]
[White "Anders, Eric"]
[Black "Perske, Paul"]
[Result "1-0"]
[WhiteElo "1836"]
[BlackElo "1622"]
[PlyCount "47"]
[EventDate "2013.01.06"]
[EventType "swiss"]
[EventRounds "7"]
[EventCountry "GER"]
[SourceTitle "EXT 2014"]
[Source "ChessBase"]
[SourceDate "2013.11.20"]
[SourceVersion "1"]
[SourceVersionDate "2013.11.20"]
[SourceQuality "1"]

1. e4 e5 2. Bc4 Nf6 3. d3 d5 4. exd5 Nxd5 5. Nf3 Nc6 6. Nc3 Nxc3 7. bxc3 Be7 8. Qe2 0-0 9. 0-0 Bf6 10. Nd2 Re8 11. Ne4 Be7 12. Qh5 g6 13. Qh6 Be6 14. Bxe6 fxe6 15. Ng5 Bxg5 16. Bxg5 Qd7 17. Bf6 Rf8 18. Qg5 Qf7 19. Bxe5 Qf5 20. Qxf5 Rxf5 21. Bxc7 Rc5 22. c4 Nd4 23. Bd6 Rc6 24. Be5 1-0

[Event "Rheinhessen-ch U16/U18"]
[Site "Heidesheim"]
[Date "2013.01.06"]
[Round "4.1"]
[White "Wilhelm, Till"]
[Black "Anders, Eric"]
[Result "1/2-1/2"]
[WhiteElo "1731"]
[BlackElo "1836"]
[PlyCount "59"]
[EventDate "2013.01.06"]
[EventType "swiss"]
[EventRounds "7"]
[EventCountry "GER"]
[SourceTitle "EXT 2014"]
[Source "ChessBase"]
[SourceDate "2013.11.20"]
[SourceVersion "1"]
[SourceVersionDate "2013.11.20"]
[SourceQuality "1"]

1. d4 Nf6 2. c4 g6 3. Nc3 Bg7 4. e4 d6 5. Nf3 0-0 6. Be2 e5 7. dxe5 dxe5 8. Qxd8 Rxd8 9. Bg5 Rf8 10. Bxf6 Bxf6 11. Nd5 Bd8 12. 0-0 c6 13. Nc3 f6 14. c5 Be6 15. Nd2 Na6 16. Bxa6 bxa6 17. Rfd1 Be7 18. Na4 Rfd8 19. Nb3 Bxb3 20. axb3 Rab8 21. Rxd8+ Rxd8 22. Kf1 Rd2 23. Ke1 Rd3 24. Rd1 Rxb3 25. Rd7 Rb4 26. Rxe7 Rxe4+ 27. Kd2 Rxa4 28. Rc7 Rc4 29. Rxc6 a5 30. Rc7 1/2-1/2

[Event "Wiesbaden op 24th"]
[Site "Wiesbaden"]
[Date "2012.08.25"]
[Round "4"]
[White "Anders, Eric"]
[Black "Klein, Maximilian"]
[Result "1/2-1/2"]
[WhiteElo "1842"]
[BlackElo "2002"]
[PlyCount "59"]
[EventDate "2012.08.23"]
[EventType "swiss"]
[EventRounds "7"]
[EventCountry "GER"]
[SourceTitle "CBM 150 Extra"]
[Source "ChessBase"]
[SourceDate "2012.10.19"]
[SourceVersion "1"]
[SourceVersionDate "2012.10.19"]
[SourceQuality "1"]

1. e4 c6 2. d4 d5 3. Nc3 dxe4 4. Nxe4 Bf5 5. Ng3 Bg6 6. h4 h6 7. Nf3 Nd7 8. h5 Bh7 9. Bd3 Bxd3 10. Qxd3 Ngf6 11. Bd2 e6 12. 0-0-0 Qc7 13. Ne4 Nxe4 14. Qxe4 Nf6 15. Qe2 0-0-0 16. g3 c5 17. Bf4 Bd6 18. Bxd6 Rxd6 19. dxc5 Qxc5 20. Ne5 Rxd1+ 21. Rxd1 Qc7 22. Rd4 Kb8 23. Qd1 Rc8 24. Nd7+ Nxd7 25. Rxd7 Qa5 26. Kb1 Rc7 27. Rd8+ Rc8 28. Rd7 Rc7 29. Rd8+ Rc8 30. Rd7 1/2-1/2

[Event "Wiesbaden op 24th"]
[Site "Wiesbaden"]
[Date "2012.08.23"]
[Round "1"]
[White "Kiese, Matthias"]
[Black "Anders, Eric"]
[Result "1-0"]
[WhiteElo "2220"]
[BlackElo "1842"]
[PlyCount "55"]
[EventDate "2012.08.23"]
[EventType "swiss"]
[EventRounds "7"]
[EventCountry "GER"]
[SourceTitle "CBM 150 Extra"]
[Source "ChessBase"]
[SourceDate "2012.10.19"]
[SourceVersion "1"]
[SourceVersionDate "2012.10.19"]
[SourceQuality "1"]

1. d4 Nf6 2. Nf3 g6 3. c4 Bg7 4. Nc3 d6 5. e4 0-0 6. Be2 Nc6 7. d5 Nb4 8. 0-0 a5 9. h3 e5 10. Ne1 Ne8 11. a3 Na6 12. b4 axb4 13. axb4 Bd7 14. Nd3 b6 15. Be3 f5 16. Ra3 f4 17. Bd2 Qc8 18. Bg4 Nf6 19. Bxd7 Nxd7 20. Qg4 h5 21. Qxg6 Nf6 22. Rfa1 Qb7 23. Kh2 c6 24. dxc6 Qxc6 25. Rxa6 Rxa6 26. Rxa6 Qxc4 27. Ra7 Ne8 28. Nd5 1-0

[Event "Karl Mala Memorial op 15th"]
[Site "Frankfurt"]
[Date "2012.07.07"]
[Round "4"]
[White "Guth, Wolf Dietrich"]
[Black "Anders, Eric"]
[Result "0-1"]
[WhiteElo "1996"]
[BlackElo "1814"]
[PlyCount "74"]
[EventDate "2012.07.05"]
[EventType "swiss"]
[EventRounds "7"]
[EventCountry "GER"]
[SourceTitle "CBM 149 Extra"]
[Source "ChessBase"]
[SourceDate "2012.08.24"]
[SourceVersion "1"]
[SourceVersionDate "2012.08.24"]
[SourceQuality "1"]

1. d4 Nf6 2. c4 g6 3. Nc3 Bg7 4. e4 d6 5. Be2 0-0 6. f4 c5 7. d5 e6 8. Nf3 exd5 9. cxd5 Re8 10. e5 dxe5 11. fxe5 Ng4 12. Bg5 Qb6 13. 0-0 Nxe5 14. d6 Qxb2 15. Nd5 Nxf3+ 16. Bxf3 Bd4+ 17. Kh1 Qxa1 18. Qxa1 Bxa1 19. Nc7 Nd7 20. Rxa1 Re5 21. Bf4 Rb8 22. Nd5 Re8 23. Ne7+ Kg7 24. Re1 Nf6 25. Be5 Bd7 26. Bd5 Be6 27. Rf1 Bxd5 28. Bxf6+ Kh6 29. Nxd5 Re6 30. d7 Rd6 31. Be5 Rxd5 32. Bxb8 Rxd7 33. Bxa7 c4 34. a3 b5 35. Be3+ Kg7 36. Rb1 Rd5 37. a4 Rd3 0-1

[Event "Rhein Main op-A 15th"]
[Site "Bad Homburg"]
[Date "2012.06.06"]
[Round "1"]
[White "Schmitt, Hans Walter"]
[Black "Anders, Eric"]
[Result "1-0"]
[WhiteElo "2077"]
[BlackElo "1832"]
[PlyCount "119"]
[EventDate "2012.06.06"]
[EventType "swiss"]
[EventRounds "7"]
[EventCountry "GER"]
[SourceTitle "EXT 2013"]
[Source "ChessBase"]
[SourceDate "2012.11.22"]
[SourceVersion "1"]
[SourceVersionDate "2012.11.22"]
[SourceQuality "1"]

1. d4 Nf6 2. Nf3 g6 3. c4 Bg7 4. Nc3 d6 5. g3 Nc6 6. Bg2 0-0 7. 0-0 e5 8. d5 Ne7 9. e4 Nd7 10. b4 f5 11. Ng5 Nf6 12. Qb3 Kh8 13. c5 fxe4 14. Ngxe4 Nf5 15. Nxf6 Qxf6 16. Ne4 Qe7 17. Bg5 Qf7 18. Rad1 h6 19. Bc1 Bd7 20. a4 Rad8 21. b5 Nd4 22. Qa2 Bg4 23. f3 Bxf3 24. Rxd4 exd4 25. Rxf3 Qe7 26. cxd6 cxd6 27. Rxf8+ Rxf8 28. Bf4 Rd8 29. Qa3 g5 30. Bxd6 Qf7 31. Nf2 Qg6 32. Ne4 d3 33. Qb4 d2 34. Qxd2 Rxd6 35. Nxd6 Qxd6 36. Qe3 b6 37. Qe8+ Bf8 38. Be4 Qe7 39. Qg6 Qg7 40. Qf5 Qe7 41. Kg2 Qg7 42. Kh3 Kg8 43. Kg4 Qf7 44. Qg6+ Qg7 45. Kf5 Qxg6+ 46. Kxg6 Bg7 47. d6 Be5 48. d7 Bc7 49. Kxh6 Bd8 50. Kg6 Kf8 51. Kf5 Kf7 52. Ke5 Ke7 53. Bf5 Bc7+ 54. Kd5 Kd8 55. Kc6 Be5 56. Kb7 Bf6 57. Kxa7 Kc7 58. a5 bxa5 59. b6+ Kd8 60. b7 1-0

[Event "Rheinland Pfalz op 3rd"]
[Site "Gau Algesheim"]
[Date "2011.07.28"]
[Round "1"]
[White "Richter, Gerald"]
[Black "Anders, Eric"]
[Result "1/2-1/2"]
[WhiteElo "2118"]
[BlackElo "1720"]
[PlyCount "52"]
[EventDate "2011.07.28"]
[EventType "swiss"]
[EventRounds "7"]
[EventCountry "GER"]
[SourceTitle "EXT 2013"]
[Source "ChessBase"]
[SourceDate "2012.11.22"]
[SourceVersion "1"]
[SourceVersionDate "2012.11.22"]
[SourceQuality "1"]

1. d4 Nf6 2. c4 g6 3. Nc3 Bg7 4. e4 d6 5. Nf3 0-0 6. Be2 Nbd7 7. 0-0 e5 8. Re1 Re8 9. d5 a5 10. Bf1 Nc5 11. h3 Bd7 12. Bg5 Qc8 13. Qd2 h5 14. Rac1 Nh7 15. Be3 b6 16. b3 Qd8 17. Bxc5 bxc5 18. Nb5 Bf6 19. Rc2 Ng5 20. Nh2 Bg7 21. h4 Nh7 22. g3 f5 23. Bh3 fxe4 24. Bxd7 Qxd7 25. Rxe4 Nf6 26. Re2 e4 1/2-1/2

[Event "GER-chT Schools WK II"]
[Site "Verden an der Aller"]
[Date "2011.05.14"]
[Round "1.4"]
[White "Popov, Leonard"]
[Black "Anders, Eric"]
[Result "0-1"]
[WhiteElo "1364"]
[BlackElo "1713"]
[PlyCount "70"]
[EventDate "2011.05.14"]
[EventType "team-swiss"]
[EventRounds "7"]
[EventCountry "GER"]
[SourceTitle "EXT 2022"]
[Source "ChessBase"]
[SourceDate "2021.10.06"]
[SourceVersion "1"]
[SourceVersionDate "2021.10.06"]
[SourceQuality "1"]
[WhiteTeam "Koeln Porz Stadt Gymn U17"]
[BlackTeam "Darmstadt Liebig Schule U17"]
[WhiteTeamCountry "GER"]
[BlackTeamCountry "GER"]

1. c4 Nf6 2. Nc3 g6 3. g3 Bg7 4. Bg2 d6 5. e3 e5 6. Nge2 0-0 7. 0-0 Nh5 8. d4 Nc6 9. b3 f5 10. Bd5+ Kh8 11. Bg2 Qf6 12. Nd5 Qf7 13. f4 Nf6 14. dxe5 dxe5 15. fxe5 Nxe5 16. e4 Nxd5 17. exd5 Nf3+ 18. Bxf3 Bxa1 19. Ba3 Bg7 20. Bxf8 Qxf8 21. Nd4 Qc5 22. Kg2 Qxd4 23. Qxd4 Bxd4 24. Re1 Bd7 25. Re7 Rd8 26. d6 cxd6 27. Bxb7 Be5 28. c5 Bc8 29. c6 Kg8 30. c7 Bxb7+ 31. Kh3 Rc8 32. Rd7 Ba6 33. Rd8+ Kf7 34. Rd7+ Ke6 35. Rxh7 Bf1+ 0-1